书目信息 |
| 题名: |
学习心理学
|
|
| 作者: | 燕国材 著 | |
| 分册: | ||
| 出版信息: | 北京 警官教育出版社 1998 |
|
| 页数: | 255页 | |
| 开本: | 20cm | |
| 丛书名: | 教育心理学丛书 | |
| 单 册: | ||
| 中图分类: | G442 , B84 | |
| 科图分类: | ||
| 主题词: | 学习心理学 , 心理学 | |
| 电子资源: | ||
| ISBN: | 7-81027-966-1 | |
| 000 | 00749nam2 2200265 450 | |
| 001 | 1537365820 | |
| 005 | 20150126102331.23 | |
| 010 | @a7-81027-966-1@dCNY11.00 | |
| 100 | @a20021005d1998 em y0chiy0110 ea | |
| 101 | 0 | @achi |
| 102 | @aCN@b110000 | |
| 105 | @ay z 000yy | |
| 200 | 1 | @a学习心理学@9xue xi xin li xue@eIN结合论取向的研究@f燕国材著 |
| 210 | @a北京@c警官教育出版社@d1998 | |
| 215 | @a255页@d20cm | |
| 225 | 2 | @a教育心理学丛书 |
| 461 | 0 | @12001 @a教育心理学丛书 |
| 517 | 1 | @aIN结合论取向的研究@9IN jie he lun qu xiang de yan jiu |
| 606 | 0 | @a学习心理学 |
| 606 | 0 | @a心理学 |
| 690 | @aG442@v5 | |
| 690 | @aB84@v4 | |
| 701 | 0 | @a燕国材@9yan guo cai@f(1931~)@4著 |
| 801 | 0 | @aCN@bTSSF@c20150126 |
| 905 | @aZUCC@dB84@eJY446 | |
| 学习心理学:IN结合论取向的研究/燕国材著.-北京:警官教育出版社,1998 |
| 255页;20cm.-(教育心理学丛书) |
| ISBN 7-81027-966-1:CNY11.00 |
| ● |
| 相关链接 |
|
|
|
|
正题名:学习心理学
索取号:B84/JY446
 
预约/预借
| 序号 | 登录号 | 条形码 | 馆藏地/架位号 | 状态 | 备注 |
| 1 | 7845853 | 278458535 | 学院路分馆/ [索取号:B84/JY446] | 在馆 | |
| 2 | 7845854 | 278458544 | 学院路分馆/ [索取号:B84/JY446] | 在馆 |